Formula 1 Drivers - Statistiques

Statistiques générales
  • Ce quiz a été pris 812 fois
  • Le résultat moyen est 8 sur 16
Statistiques - réponses
Par images Réponse % Correct
Lewis Hamilton
100%
Lance Stroll
94%
Max Verstappen
93%
Fernando Alonso
89%
Valtteri Bottas
78%
Alain Prost
75%
Niki Lauda
57%
Felipe Massa
53%
Juan Manuel Fangio
45%
Alberto Ascari
25%
David Coulthard
22%
Nelson Piquet
18%
Gerhard Berger
10%
Alan Jones
6%
Riccardo Patrese
6%
John Watson
1%
Aucun quiz correspondant
Distribution des résultats
% des personnes avec chaque résultat
Percentile par nombre de réponses
Votre historique - résultats
Vous n’avez pas pris ce quiz